000 00589nam a2200181Ia 4500
008 100920s9999 xx 000 0 und d
082 _b97179
_a24 न 06
100 _aसंपा: ओक सुनेत्रा.
245 _aकथायोगिनी भाग 2.
260 _bअक्षता प्रकाशन,पुणे.
_c2006
300 _a236
_bसाधी
365 _b230
520 _aसायो.
630 _aकथायोगिनी भाग 2.
650 _aसायो.
730 _aकथायोगिनी भाग 2.
942 _cBOOK
999 _c737618
_d737615